[Event "Budapest Spring Festival 2018"]
[Site "Budapest"]
[Date "2018.04.21"]
[Round "4"]
[White "Carlstedt, Jonathan"]
[Black "Chylewski, Patryk"]
[Result "1-0"]
[WhiteElo "2432"]
[BlackElo "2322"]
[Annotator "TA"]
[PlyCount "89"]
[EventDate "2018.??.??"]
[EventType "swiss"]
[EventCountry "HUN"]
[SourceTitle "playchess.com"]
[Source "ChessBase"]
[SourceQuality "1"]

{[%evp 16,89,-47,-35,23,21,26,24,16,-34,53,45,51,45,76,54,88,46,81,59,57,61,85,70,84,77,76,73,77,75,96,78,74,74,74,74,73,70,75,56,75,75,75,75,76,75,75,75,75,75,83,83,83,83,83,83,83,53,100,53,100,61,100,43,43,43,491,484,498,476,425,363,346,262,387,333]} 1. d4 d5 2. Bf4 Nf6 3. e3 c5 4. c3 Nc6 5. Nd2 cxd4 (5... Bf5 6. Ngf3 e6 7. Be2 Bd6 8. dxc5 Bxc5 9. Nd4 Bg6 10. Qa4 O-O 11. Nxc6 bxc6 12. Qxc6 Rc8 13. Qa4 Re8 14. O-O e5 {0-1 (57) Le,Q (2737)-Ding,L (2777) Riadh 2017}) 6. exd4 {D00: 1 d4 d5: Unusual lines} e6 7. Ngf3 Nh5 8. Be5 f6 9. Bg3 $1 {LiveBook: 3 Games} Bd6 ({Black should play} 9... g6 $15) 10. Bxd6 $11 Qxd6 11. g3 $146 ({Predecessor:} 11. Bb5 O-O 12. O-O a6 13. Ba4 Bd7 14. Re1 Nf4 {½-½ (53) Burcu,C (2301)-Haldorsen,B (2408) Fagernes 2018}) 11... O-O 12. Bd3 f5 ({Black should try} 12... e5 $15) 13. Qe2 $14 Nf6 14. Ne5 $36 {[%mdl 2048] White has some pressure.} Nd7 15. f4 Ndxe5 16. dxe5 (16. fxe5 {seems wilder.} Qc7 17. g4 Ne7 18. O-O-O a5 19. Kb1) 16... Qc5 17. Qf2 Qxf2+ 18. Kxf2 b6 19. Bb5 Bb7 20. Nf3 Rac8 21. Rhd1 Rc7 22. Ke3 h6 23. h3 g6 24. Bxc6 Bxc6 25. Nd4 Bd7 26. Rd2 Kh7 27. Rf1 Rcc8 28. g4 Rg8 29. Rg2 Rcf8 30. Rfg1 Re8 31. h4 fxg4 32. Rxg4 h5 33. R4g3 Rg7 34. Nf3 Bc8 35. Ng5+ Kh6 36. Kd4 Ree7 37. Nh3 Ref7 38. Rg5 Bb7 39. f5 (39. Ke3 $16) 39... Rxf5 40. Rxf5 exf5 $4 {[%mdl 8192] [#] KRB-KRN} (40... gxf5 $14 41. Rxg7 Kxg7) 41. e6 $18 Bc6 42. Ke5 Be8 43. Kd6 a5 44. e7 ({Weaker is} 44. Kxd5 Rc7 $16) 44... Rf7 (44... Rg8 $142 45. Kxd5 Kg7) 45. Nf4 {Precision: White = 70%, Black = 47%.} 1-0

[Event "Budapest Spring Festival 2018"]
[Site "Budapest"]
[Date "2018.04.21"]
[Round "4"]
[White "Almasi, Istvan"]
[Black "Deac, Bogdan-Daniel"]
[Result "0-1"]
[WhiteElo "2406"]
[BlackElo "2578"]
[Annotator "TA"]
[PlyCount "68"]
[EventDate "2018.??.??"]
[EventType "swiss"]
[EventCountry "HUN"]
[SourceTitle "playchess.com"]
[Source "ChessBase"]
[SourceQuality "1"]

{[%evp 9,68,-2,39,24,37,-30,-23,-18,-18,-30,-28,-33,-35,-36,-28,-55,-48,-45,-57,-127,-118,-129,-72,-77,-71,-194,-136,-200,-189,-188,-193,-240,-204,-218,-209,-217,-210,-211,-226,-257,-250,-541,-404,-386,-368,-431,-434,-466,-402,-433,-292,-435,-439,-439,-331,-547,-553,-570,-492,-664,-471]} 1. d4 Nf6 2. Bf4 d5 3. e3 c5 4. dxc5 e6 5. b4 Bd7 $146 ({Predecessor:} 5... Nc6 6. Bb5 Bd7 7. c3 a5 8. Qb3 Ne4 9. Ne2 g5 10. Bxc6 Bxc6 11. Be5 f6 {1-0 (43) Karjakin,S (2762)-Gajewski,G (2654) Berlin 2015}) 6. Nc3 {D00: 1 d4 d5: Unusual lines} Be7 7. Bb5 (7. Bd3 $14) 7... a5 $11 8. a3 {Black has an edge.} O-O 9. Nge2 b6 10. Bxd7 Nfxd7 11. cxb6 Nxb6 12. b5 N8d7 13. O-O Rc8 {[%cal Ba8c8,Bc8c4,Bc4c2][%mdl 32]} 14. e4 (14. Qe1 $15) 14... Bf6 $1 $17 {[%cal Rf6c3]} 15. Qd3 {[%cal Re4d5]} dxe4 ({Better is} 15... Rc4 16. Ra2 Qa8) 16. Qg3 Rc4 17. Bd6 {[#]} (17. Rac1 $17 {was necessary.}) 17... Re8 (17... Qc8 $1 $19 {[%cal Rf6c3]} 18. Bxf8 Kxf8) 18. Rad1 (18. Rac1 $17) 18... Qc8 $19 19. Nb1 Rxc2 20. Nf4 g6 21. Qe3 Qc4 22. Nd2 Qxb5 23. Nxe4 {[#]} Bg7 $1 24. Rc1 Rec8 25. Bc5 $2 (25. Qd3 Qxd3 26. Nxd3) 25... R8xc5 26. Nxc5 Qxc5 27. Rxc2 Qxc2 28. Rc1 Qf5 29. Ne2 Qe5 30. Qd3 (30. Qxe5 {is a better defense.} Bxe5 31. Nc3) 30... Bf8 31. g3 Qd6 32. Qb5 $2 (32. Qxd6 Bxd6 33. Ra1) 32... Qxa3 {Black is clearly winning.} 33. Rc7 Qb4 34. Qd3 Nb8 {Precision: White = 29%, Black = 69%.} 0-1

[Event "Budapest Spring Festival 2018"]
[Site "Budapest"]
[Date "2018.04.21"]
[Round "4"]
[White "Popov, Mikhail"]
[Black "Golubka, Petro"]
[Result "1/2-1/2"]
[WhiteElo "2403"]
[BlackElo "2509"]
[Annotator "TA"]
[PlyCount "59"]
[EventDate "2018.??.??"]
[EventType "swiss"]
[EventCountry "HUN"]
[SourceTitle "playchess.com"]
[Source "ChessBase"]
[SourceQuality "1"]

{[%evp 21,59,10,18,22,23,14,6,-22,-19,-32,-17,-19,0,0,8,0,0,0,0,0,0,0,0,0,0,0,0,0,0,0,7,-12,0,0,0,-4,0,0,0,-12]} 1. d4 d5 2. c4 c6 3. Nf3 Nf6 4. Nc3 e6 5. Bg5 Nbd7 6. cxd5 exd5 7. e3 h6 {D35: Queen's Gambit Declined: Exchange Variation} (7... Be7 8. Bd3 Ne4 9. Bxe4 Bxg5 10. Bd3 Be7 11. O-O g6 12. Rb1 O-O 13. b4 a6 14. a4 Nb6 15. a5 Nd7 16. Na4 Bd6 17. Qc2 Nf6 {1-0 (94) Bu,X (2730)-Sjugirov,S (2650) Riadh 2017}) 8. Bh4 g5 9. Bg3 Nh5 10. Bd3 Nxg3 11. hxg3 Bg7 {LiveBook: 42 Games} 12. Qc2 Nb6 13. O-O-O Be6 14. Ne5 Qe7 15. Na4 $146 ({Predecessor:} 15. f4) 15... Bxe5 16. dxe5 {The position is equal.} Bg4 17. f3 Bc8 18. e4 Be6 $1 19. Nxb6 axb6 20. exd5 Bxd5 21. Bc4 Bxc4 22. Qxc4 Ra5 {[#] And now ...Rc5 would win.} 23. Kb1 Rxe5 24. Qd4 {aiming for f4.} f6 25. Qxb6 Kf7 26. Qd4 Kg7 27. Qd7 Re6 28. Qd3 Re5 29. Qd7 Re6 30. Qd3 {Precision: White = 65%, Black = 60%.} 1/2-1/2

[Event "Budapest Spring Festival 2018"]
[Site "Budapest"]
[Date "2018.04.21"]
[Round "4"]
[White "Skomorokhin, Roman"]
[Black "Nguyen, Thai Dai Van"]
[Result "0-1"]
[WhiteElo "2387"]
[BlackElo "2539"]
[Annotator "TA"]
[PlyCount "80"]
[EventDate "2018.??.??"]
[EventType "swiss"]
[EventCountry "HUN"]
[SourceTitle "playchess.com"]
[Source "ChessBase"]
[SourceQuality "1"]

{[%evp 20,80,17,-9,0,-2,0,-3,-5,-32,0,-17,-13,-25,-14,-28,12,-11,0,0,0,-17,-17,-17,-17,-17,-11,-17,-16,-30,0,0,0,0,-7,-94,-56,-57,-64,-129,-142,-320,-303,-455,-325,-510,-505,-482,-475,-668,-650,-886,-759,-752,-623,-1223,-1195,-1620,-1561,-29988,-29989,-29989,-29990]} 1. d4 d5 2. Nf3 Nf6 3. c4 e6 4. e3 b6 5. b3 Bd6 6. Bd3 O-O 7. O-O Bb7 8. Bb2 Nbd7 9. Nbd2 Ne4 10. Rc1 Qe7 {E14: Queen's Indian: Classical Variation (4 e3)} 11. Qe2 {LiveBook: 6 Games} f5 (11... c5 12. dxc5 Ndxc5 13. Bb1 Nxd2 14. Nxd2 Rad8 15. Rfd1 Bb8 {1-0 (33) Mamedyarov,S (2799)-Bocharov,D (2583) Riadh 2017}) 12. Rc2 $146 ({Find the theoretical novelty and annotate with similar games:} 12. Ne5 c5 13. f4 cxd4 14. exd4 Nxe5 15. fxe5 Bb4 16. Nb1 Qh4 17. cxd5 Bxd5 {1-0 (91) Short,P (2296)-Griffiths,R (2249) Dublin 2010}) 12... Rad8 {The position is equal.} 13. Rfc1 c5 14. Nf1 f4 15. Re1 fxe3 16. Qxe3 Ndf6 17. cxd5 Bxd5 {White must now prevent ...Ng4.} 18. h3 cxd4 19. Nxd4 Bc5 20. f3 e5 21. fxe4 exd4 22. Qg5 h6 23. Qh4 Be6 24. Ng3 Nd7 {[%cal Bf6d7,Bd7e5,Be5c6,Bc6b4,Bb4a2][%mdl 32]} (24... Nd5 $5 {[%cal Re7h4]} 25. Qxe7 Nxe7 $15) 25. Qxe7 Bxe7 26. Nf5 Bc5 27. Kh1 (27. Bxd4 $11 {keeps the balance.} Rxf5 28. exf5 Bxd4+ 29. Kh1) 27... Ne5 28. Ba6 g6 29. Ng3 {[#]} (29. b4 $1 $15 Bxb4 30. Nxd4) 29... Nc6 $1 $36 {[%cal Rc6b4][%mdl 2048] Hoping for ...Nb4. Black is on the roll.} 30. Rcc1 $2 (30. Ba3 $17) 30... Nb4 $19 31. Bf1 (31. Bb5 {was the only defense.} d3 32. Red1) 31... Nxa2 32. Ra1 (32. Bc4 {was the only chance.} Bxc4 33. Rxc4) 32... Bxb3 33. e5 Rf2 34. Reb1 (34. Re2 $142 Rxe2 35. Bxe2) 34... Bd5 35. Kg1 {[#]} d3 $1 {[%cal Bd4d3,Bd3d2][%mdl 32] ( -> ...Rxg2+)} 36. Kh1 (36. Bxd3 Rxg2+) 36... d2 37. e6 Re8 38. Ne2 Rxe6 39. Nc3 Nxc3 40. Bxc3 Re3 {Precision: White = 18%, Black = 66%.} 0-1

[Event "Budapest Spring Festival 2018"]
[Site "Budapest"]
[Date "2018.04.21"]
[Round "4"]
[White "Horvath, Dominik"]
[Black "Aryan Chopra"]
[Result "1-0"]
[WhiteElo "2383"]
[BlackElo "2523"]
[Annotator "TA"]
[PlyCount "81"]
[EventDate "2018.??.??"]
[EventType "swiss"]
[EventCountry "HUN"]
[SourceTitle "playchess.com"]
[Source "ChessBase"]
[SourceQuality "1"]

{[%evp 20,81,34,22,48,38,36,32,74,42,72,81,240,240,240,240,240,240,240,240,240,240,230,227,273,240,239,236,239,239,235,237,239,208,210,0,239,234,260,230,235,208,216,210,214,177,275,272,326,324,333,329,391,396,586,591,542,550,1216,1183,2320,2327,29984,29970]} 1. c4 Nf6 2. Nf3 g6 3. g3 Bg7 4. Bg2 O-O 5. Nc3 d6 6. O-O e5 7. d4 Nc6 8. dxe5 {E62: King's Indian: Fianchetto: 6...c6 and Panno Variation (6...Nc6) without ...a6} Nxe5 (8... dxe5 9. Bg5 Be6 10. Qc1 Qb8 11. Rd1 Nd7 12. Bh6 f6 13. Bxg7 Kxg7 14. b3 Rf7 15. Qb2 Qf8 16. Rd2 Rd8 17. Rad1 Nb6 18. Rxd8 Nxd8 {½-½ (35) Vidit,S (2721)-Naiditsch,A (2700) Hungary 2017}) 9. b3 Nxf3+ 10. Bxf3 Bh3 11. Re1 {LiveBook: 4 Games} Rb8 12. Bb2 Re8 $146 ({Predecessor:} 12... Nd7 13. Qd2 a6 14. Nd5 Ne5 15. Bh1 h5 {½-½ (35) Kohn,S (2149)-Sawatzki,J (2261) Travemuende 2002}) 13. Qd2 Qd7 14. Rad1 Re7 15. Qd4 {Black must now prevent Nd5.} b6 $2 (15... Ng4 $16 {keeps fighting.} 16. Qxa7 Ree8) 16. Nd5 $18 Re5 {[#]} 17. Qh4 $1 Nxd5 18. Bxe5 Bxe5 19. cxd5 {Hoping for g4.} ({Don't do} 19. Rxd5 $6 h5) 19... h5 20. Rc1 Qc8 21. Rc2 Kg7 22. Rec1 Rb7 23. Qb4 a5 24. Qd2 Bd7 25. a4 Qd8 26. Ra2 Qf6 27. Rac2 Qd8 28. e3 h4 29. Rc4 hxg3 30. hxg3 b5 31. axb5 Bxb5 32. Rh4 ({Not} 32. Qxa5 Bxc4 33. bxc4 Qf6 $14) 32... Bd7 (32... Bf6 {is a better defense.}) 33. Qxa5 Rxb3 34. Qxc7 Qe8 35. Kg2 Rb2 36. Qa7 Bf5 (36... Rb8 $142 37. Bg4 Bb5) 37. Rc7 g5 38. Rhc4 Bg6 39. Rc8 Qb5 40. Qe7 Qb3 41. Qd8 {Precision: White = 88%, Black = 32%.} 1-0

[Event "Budapest Spring Festival 2018"]
[Site "Budapest"]
[Date "2018.04.21"]
[Round "4"]
[White "Fenil, Shah"]
[Black "Krzyzanowski, Marcin"]
[Result "1/2-1/2"]
[WhiteElo "2376"]
[BlackElo "2472"]
[Annotator "TA"]
[PlyCount "73"]
[EventDate "2018.??.??"]
[EventType "swiss"]
[EventCountry "HUN"]
[SourceTitle "playchess.com"]
[Source "ChessBase"]
[SourceQuality "1"]

{[%evp 10,73,11,2,26,12,31,31,62,46,47,37,48,31,47,47,53,47,34,31,56,45,58,45,29,28,20,26,23,0,0,0,22,26,51,-10,-4,-12,-4,-15,0,0,0,0,0,-8,-8,-36,-41,-37,-36,-41,-19,-19,-19,-18,0,0,0,0,0,0,0,0,0,0]} 1. d4 Nf6 2. Nc3 d5 3. Bf4 Bf5 4. e3 e6 5. Bd3 Bg6 (5... Bxd3 6. Qxd3 a6 7. O-O-O c5 8. dxc5 Nbd7 9. Bg5 Be7 10. Nf3 O-O 11. Nd2 Nxc5 12. Qd4 Qc7 13. Bf4 {0-1 (77) Rakotomaharo,F (2439)-Petrosyan,M (2530) Khanty-Mansiysk 2016}) 6. Nf3 {LiveBook: 8 Games. D00: 1 d4 d5: Unusual lines} Bb4 7. O-O Bh5 $146 ({Predecessor:} 7... O-O 8. Ne2 Be7 9. Ng3 c5 10. c3 Nc6 11. Ng5 Nd7 12. Bxg6 hxg6 13. Qg4 {0-1 (37) Spiesberger,G (2016)-Wertjanz,D (2281) Graz 2017}) 8. Nb5 {White is slightly better.} Na6 9. a3 Be7 10. c4 dxc4 11. Bxc4 O-O 12. Nc3 {[%cal Bb5c3,Bc3a4,Ba4c5][%mdl 32]} c6 13. Bxa6 bxa6 14. Qe2 a5 15. Rac1 Qb6 16. Bg5 Rab8 17. Na4 Qb5 18. Qxb5 cxb5 19. Bxf6 (19. Nc5 {seems wilder.} Rfe8 20. Bh4 Bxf3 21. gxf3 Rbc8 22. Nb7) 19... gxf6 20. Nc5 {[#] Nd7 is the strong threat.} Bxf3 21. gxf3 {Strongly threatening Nd7.} Rfd8 22. b4 (22. Nb3 $14) 22... e5 $11 23. Rfd1 exd4 24. exd4 Rd5 25. Na6 Rbd8 26. Rc7 Bd6 27. Rxa7 axb4 28. Nxb4 (28. axb4 {with more complications.} Rg5+ 29. Kh1 Rh5 30. Nc5 Rxh2+ 31. Kg1) 28... Bxb4 29. axb4 Rxd4 {[%mdl 4096] Endgame KRR-KRR} 30. Re1 Rxb4 31. Ree7 {The position is equal.} Rf8 32. Reb7 Rf4 33. Kg2 Rf5 34. Ra5 Rg5+ 35. Kh3 Kg7 36. Raxb5 Rg6 37. Rb8 {Precision: White = 58%, Black = 57%.} 1/2-1/2

[Event "Budapest Spring Festival 2018"]
[Site "Budapest"]
[Date "2018.04.21"]
[Round "4"]
[White "Sai Agni Jeevitesh, J."]
[Black "Turov, Maxim"]
[Result "1/2-1/2"]
[WhiteElo "2373"]
[BlackElo "2610"]
[Annotator "TA"]
[PlyCount "94"]
[EventDate "2018.??.??"]
[EventType "swiss"]
[EventCountry "HUN"]
[SourceTitle "playchess.com"]
[Source "ChessBase"]
[SourceQuality "1"]

{[%evp 16,94,6,-21,-22,-22,-22,-22,-12,-22,-10,-14,-19,-12,-14,-13,-10,-15,-13,-54,-54,-56,-54,-61,-30,-37,-12,-18,-6,-15,-14,-56,-66,-63,-63,-49,-49,-41,-5,-38,-27,-24,-17,-62,-13,-17,-17,-25,-8,-8,-8,-12,-8,-8,0,-80,0,0,0,-15,-8,-8,-8,-8,-8,-8,-8,-8,0,0,0,0,-12,-12,0,0,0,0,0,0,0]} 1. d4 Nf6 2. Nf3 e6 3. e3 c5 4. c4 cxd4 5. exd4 d5 6. cxd5 Nxd5 7. Nc3 Nc6 8. Bb5 {B14: Caro-Kann: Panov-Botvinnik Attack with 5...e6 and 5...g6} (8. Bd3 Bd6 9. O-O Nce7 10. Qe2 O-O 11. Qe4 Ng6 12. Bg5 f6 13. Bd2 f5 14. Qe2 Ngf4 15. Bxf4 Nxf4 16. Qe3 {½-½ (25) Ponomariov,R (2710)-Motylev,A (2649) Berlin 2015}) 8... Be7 9. Ne5 {LiveBook: 3 Games} Bd7 10. Nxd7 Qxd7 11. O-O O-O 12. Qf3 Rfd8 13. Nxd5 Qxd5 14. Qxd5 Rxd5 15. Bxc6 $1 bxc6 16. Be3 $1 Rb8 $146 ({Predecessor:} 16... Bf6 17. Rac1 Bxd4 18. Bxd4 Rxd4 19. Rxc6 Rd2 20. Rb1 {½-½ (20) Gschwendtner,M (2301)-Kachiani Gersinska,K (2395) Bad Woerishofen 2008}) 17. Rfc1 Rxb2 18. Rxc6 Bd8 19. g3 Kf8 20. Bc1 Rb8 21. Ba3+ Be7 22. Bxe7+ Kxe7 $11 {[%mdl 4096] Endgame KRR-KRR} 23. Rc7+ Rd7 $1 {[%cal Rd7c7]} 24. Rac1 Rb2 25. a4 Ra2 26. R1c4 a6 (26... a5 {is more complex.} 27. R7c5 Rd5 28. Rc7+ Kf6 29. R7c5 Rf5) 27. Kg2 Rxc7 28. Rxc7+ $15 {KR-KR} Ke8 29. Rc4 g5 30. Kf3 h6 31. h4 Kd7 32. hxg5 hxg5 33. Kg4 $1 Rxf2 34. Kxg5 Rf5+ 35. Kh6 (35. Kh4 $11 {remains equal.}) 35... Kd6 ({Black should play} 35... Rf3 $17 36. g4 Rf4) 36. g4 $11 {The position is equal.} Rf4 37. g5 Kd5 38. Rc5+ Kxd4 39. Ra5 $1 e5 {[%cal Be6e5,Be5e4,Be4e3,Be3e2][%mdl 32]} 40. Rxa6 e4 41. Rd6+ Kc4 {[#] And now ...e3 would win.} 42. Rd7 e3 43. Re7 Kd3 44. a5 {[%cal Ba4a5,Ba5a6,Ba6a7][%mdl 32]} Rd4 45. a6 e2 46. a7 Ra4 {[#] Strongly threatening ...Rxa7!} 47. Rd7+ Kc3 {Precision: White = 79%, Black = 42%.} 1/2-1/2

[Event "Budapest Spring Festival 2018"]
[Site "Budapest"]
[Date "2018.04.21"]
[Round "4"]
[White "Veinberg, Nimrod"]
[Black "Boruchovsky, Avital"]
[Result "1/2-1/2"]
[WhiteElo "2368"]
[BlackElo "2559"]
[Annotator "TA"]
[PlyCount "74"]
[EventDate "2018.??.??"]
[EventType "swiss"]
[EventCountry "HUN"]
[SourceTitle "playchess.com"]
[Source "ChessBase"]
[SourceQuality "1"]

{[%evp 9,74,23,25,25,28,29,27,21,22,25,22,16,0,11,7,0,0,0,0,0,54,39,43,46,47,47,248,258,242,248,243,256,237,240,254,245,337,322,320,269,269,241,240,252,291,285,299,293,265,45,56,51,59,52,39,71,99,5,8,12,10,0,0,0,0,0,0]} 1. d4 e6 2. c4 d5 3. Nf3 Nd7 4. g3 dxc4 5. Bg2 Rb8 {LiveBook: 3 Games} 6. a4 {D30: Queen's Gambit Declined: Systems without Nc3} b6 7. O-O Bb7 8. Nbd2 {White has an edge.} Ngf6 9. Nxc4 Be7 10. Bf4 $146 ({Predecessor:} 10. Bd2 a5 11. Qb3 O-O 12. Rfd1 Bd5 13. Bf4 Qc8 14. Nfe5 Nxe5 15. Bxe5 Qb7 16. Bxd5 {½-½ (16) Dubov,D (2634)-Zvjaginsev,V (2662) Moscow 2016}) 10... O-O 11. Rc1 Rc8 12. Qb3 Nd5 13. Bd2 c5 14. Rfd1 N7f6 ({Better is} 14... N5f6 $11) 15. dxc5 $14 Bxc5 16. Nfe5 Qe7 17. Nd3 Ba8 $2 ({Black should play} 17... Nd7 $1 $14) 18. e4 $18 Nc7 19. Nxc5 bxc5 20. Bf4 Rfd8 21. Bd6 Qe8 22. Bxc5 {[#] aiming for Nd6.} Rxd1+ 23. Qxd1 Rd8 24. Nd6 Qc6 25. Ba3 Qd7 26. Qc2 Nce8 27. Nc8 Qb7 28. Qc5 {[%csl Ga3][%cal Rc5f8]} h6 29. Nxa7 $2 (29. Qf8+ $18 Kh7 30. Nd6 (30. Ne7 Qd7 $18) 30... Rxd6 31. Bxd6) 29... Qb3 $1 $14 {Threatens to win with ...Rd1+.} 30. h3 {Hoping for Qc4.} Rd1+ 31. Rxd1 Qxd1+ 32. Kh2 {And now f3 would win.} Bxe4 {[#]} 33. Nb5 (33. Qc4 $1 $16 Bd5 34. Qb5) 33... Bxg2 $11 {The position is equal.} 34. Kxg2 {Strongly threatening Nc3.} Qxa4 35. Nc3 Qa8+ 36. Kg1 Nd7 37. Qb5 Nef6 {Precision: White = 66%, Black = 74%.} 1/2-1/2

[Event "Budapest Spring Festival 2018"]
[Site "Budapest"]
[Date "2018.04.21"]
[Round "4"]
[White "Anand Nadar"]
[Black "Livaic, Leon"]
[Result "0-1"]
[WhiteElo "2359"]
[BlackElo "2468"]
[Annotator "TA"]
[PlyCount "90"]
[EventDate "2018.??.??"]
[EventType "swiss"]
[EventCountry "HUN"]
[SourceTitle "playchess.com"]
[Source "ChessBase"]
[SourceQuality "1"]

{[%evp 13,90,16,8,-61,-52,-72,-72,-68,-72,-78,-78,-74,-71,-69,-79,-79,-77,-81,-72,-66,-63,-77,-79,-72,-60,-114,-74,-64,-40,-66,-55,-108,-110,-102,-111,-119,-113,-114,-124,-163,-149,-186,-177,-171,-171,-178,-158,-217,-235,-225,-225,-239,-202,-198,-188,-187,-181,-187,-178,-235,-235,-235,-226,-221,-218,-239,-225,-292,-280,-317,-313,-312,-306,-377,-373,-374,-358,-349,-331]} 1. d4 e6 2. c4 d5 3. Nf3 a6 4. g3 dxc4 5. Bg2 b5 6. Ne5 {D30: Queen's Gambit Declined: Systems without Nc3} c6 7. Nxc6 Qb6 {LiveBook: 3 Games} 8. Na5 $146 (8. Ne5 $11 Bb7 9. e4) ({Find the theoretical novelty and annotate with similar games:} 8. Nxb8 Rxb8 9. O-O Bb7 10. e4 Nf6 11. Nc3 Be7 {0-1 (83) Sivuk,V (2520)-Rakhmanov,A (2676) Minsk 2017}) 8... Ra7 $1 $15 ({Reject} 8... Qxa5+ $6 9. Bd2 $11) 9. Bd2 {[#]} c3 $1 {[%cal Rc3b2]} 10. Bxc3 b4 $1 {[%cal Rb4c3]} 11. Nc4 {[#]} Qc7 $1 12. Qb3 bxc3 13. Nxc3 Nf6 14. O-O Be7 15. Rac1 {Hoping for Ne5.} Bd7 16. Ne5 {aiming for Nd5.} Qd6 17. Rfd1 O-O 18. e4 Qb4 19. Qc2 ({White should try} 19. Qxb4 $15 Bxb4 20. a3 Bxc3 21. Rxc3) 19... Rd8 20. a3 Qb6 21. Nc4 $1 {[%cal Rc4b6]} Qc7 22. Qe2 ({White should play} 22. Ne3 $15) 22... Bb5 $17 23. Nxb5 axb5 24. Ne3 Qb6 25. d5 e5 26. Nf5 Bf8 27. Qe3 Qxe3 28. Nxe3 Nbd7 29. Rc6 g6 30. f3 (30. Rdc1 $17) 30... Bc5 $19 31. Kf2 Bd4 32. Rd2 Rb8 33. Ke2 Bxe3 34. Kxe3 b4 35. axb4 Rxb4 36. d6 (36. h4 {is a better defense.}) 36... Rab7 37. Rcc2 Kg7 38. Bh3 Rb3+ 39. Kf2 R3b6 40. Ke3 Ne8 41. Rc7 Nxc7 42. dxc7 Rb3+ ({Resist} 42... Rxc7 43. Bxd7 Rcb7 44. h4 $19) 43. Ke2 Rxc7 44. Bxd7 Rcb7 45. Bc6 R7b6 {Precision: White = 48%, Black = 86%.} ({Worse is} 45... Rxb2 46. Bxb7 Rxb7 47. Ra2 $11) 0-1

[Event "Budapest Spring Festival 2018"]
[Site "Budapest"]
[Date "2018.04.21"]
[Round "4"]
[White "Nguyen, Van Thanh"]
[Black "Henderson de La Fuente, Lance"]
[Result "0-1"]
[WhiteElo "2352"]
[BlackElo "2459"]
[Annotator "TA"]
[PlyCount "116"]
[EventDate "2018.??.??"]
[EventType "swiss"]
[EventCountry "HUN"]
[SourceTitle "playchess.com"]
[Source "ChessBase"]
[SourceQuality "1"]

{[%evp 22,116,0,-31,-8,-72,22,13,15,0,0,-38,-38,-53,-32,-32,-35,-35,-27,-34,-27,-32,-33,-36,-27,-35,-35,-37,-35,-39,-29,-47,-46,-41,-46,-46,-45,-65,-59,-96,-96,-218,-226,-239,-246,-239,-181,-346,-346,-611,-401,-593,-572,-477,-470,-428,-335,-789,-550,-536,-449,-1136,-1037,-645,-226,-3437,-3437,-3164,-3164,-3164,-759,-3594,-3343,-1485,-728,-1012,-907,-3295,-3273,-2196,-2573,-2548,-2155,-29974,-29974,-29975,-29976,-29976,-29976,-29975,-29971,-29977,-29978,-29978,-29978,-29976,-29975]} 1. d4 Nf6 2. Nf3 b6 3. Bf4 Bb7 4. e3 g6 5. Be2 Bg7 6. O-O O-O 7. h3 d6 8. c3 Nbd7 9. Nbd2 Re8 10. Bh2 e5 11. dxe5 dxe5 12. Nc4 {[%cal Rf3e5] LiveBook: 3 Games. A48: 1 d4 Nf6 2 Nf3 g6: Torre, London and Colle Systems} e4 (12... Ne4 13. Qc2 Qe7 14. Rad1 h6 15. Nfd2 Ng5 16. h4 Nh7 17. h5 gxh5 18. Qf5 h4 19. Nf3 Nhf8 {0-1 (40) Wang,C (2529)-Wei,Y (2737) Shenzhen 2015}) 13. Nfe5 $146 (13. Nd4 $11) ({Find the theoretical novelty and annotate with similar games:} 13. Nd4 a6 14. a4 Rc8 15. Qc2 Nd5 16. Rfd1 Qg5 17. Rd2 Ne5 18. Nxe5 Bxe5 19. Bxe5 Qxe5 20. Rad1 c5 21. Nb3 c4 {½-½ (21) Volkov,S (2286)-Smagin,N (2034) Moscow 2009}) 13... Nxe5 (13... Nc5 $17 {White must now prevent ...Nd5.} 14. b4 Nd3) 14. Qxd8 $11 {The position is equal.} Raxd8 15. Bxe5 Ba6 {And now ...Bxc4 would win.} 16. Bxf6 Bxf6 17. Rfd1 Kf8 18. Kf1 Bb7 19. a4 $1 a5 20. Na3 Rxd1+ 21. Rxd1 Rd8 22. Nb5 Rxd1+ 23. Bxd1 $15 {[%mdl 4096] Endgame KBB-KBN} Be5 24. f4 exf3 25. Bxf3 Bc8 26. Bc6 Be6 27. Ke2 Bc4+ 28. Kd2 Ke7 29. b4 Bb3 30. bxa5 bxa5 31. Nd4 (31. e4 $17 {is a better defense.}) 31... Bxd4 $1 $19 32. cxd4 {KB-KB} Kd6 33. Be8 f6 34. e4 $2 (34. h4) 34... c6 35. e5+ $2 (35. Kc3 Bxa4 36. Bf7) 35... fxe5 36. dxe5+ Kc7 37. h4 {[#]} Bd5 $1 38. h5 gxh5 39. g3 $2 (39. Bxh5 Bxg2 40. Kd3) 39... Bb3 40. Bxh5 Bxa4 41. Bf7 (41. Kc3 $142 Kd7 42. Bg4+ Ke7 43. Bf5) 41... Kd8 42. Kc3 Ke7 $2 (42... Kd7 43. Bh5 Ke7) 43. Bg8 $2 {[#]} (43. Bh5) 43... h6 $1 44. Kd2 Bb5 45. Kc3 Be2 46. Bb3 c5 47. Bd5 Bg4 (47... Bd1 $142 48. Kd2 Bh5) 48. Bc6 Be6 49. Kb2 Bf7 50. Bb5 Bd5 51. Ka3 Ke6 52. Ka4 Kxe5 {Black mates.} 53. Kxa5 Kd4 54. Ka4 Kc3 55. Be8 c4 {[%cal Bc5c4,Bc4c3][%mdl 32]} 56. Bg6 Kd2 57. Kb4 c3 58. Kc5 Bf3 {Precision: White = 27%, Black = 67%.} ({Inferior is} 58... c2 59. Bxc2 Bf3 60. Bf5 $11) 0-1